|
|
|
|
| LEADER |
00690nam a2200217Ia 4500 |
| 001 |
CTU_114564 |
| 008 |
210402s9999 xx 000 0 und d |
| 082 |
|
|
|a 940.5485
|
| 082 |
|
|
|b F219
|
| 100 |
|
|
|a Farago, Ladislas
|
| 245 |
|
4 |
|a The broken seal :
|
| 245 |
|
4 |
|b the story of "Operation Magic" and the Pearl Harbor disaster.
|
| 245 |
|
0 |
|c Ladislas Farago
|
| 260 |
|
|
|a London
|
| 260 |
|
|
|b Barker
|
| 260 |
|
|
|c 1967
|
| 650 |
|
|
|a World war, 1939-1945,World war, 1939-1945,United states,Japan
|
| 650 |
|
|
|x Cryptography,Foreign relations,Foreign relations
|
| 650 |
|
|
|z United states,Japan,United states
|
| 904 |
|
|
|i Năm
|
| 980 |
|
|
|a Trung tâm Học liệu Trường Đại học Cần Thơ
|